000
00322nam a2200133Ia 4500
008
191201s2002 xx 000 0 und d
100
_a
ARORA, J K
245
0
_a
Modern Weaving Technology
250
_a
1st
260
_a
Chandigarh
_b
Abhishek Publications
_c
2002
300
_a
290
650
_a
B.Tech(TE)
942
_2
ddc
_c
BK
999
_c
2530
_d
2530